Summa Artis (Record no. 3901)

MARC details
000 -CABECERA
campo de control de longitud fija 00973nam a2200265 a 4500
001 - NÚMERO DE CONTROL
campo de control BRCA_4185
005 - FECHA Y HORA DE LA ÚLTIMA TRANSACCIÓN
campo de control 20190320204557.0
008 - DATOS DE LONGITUD FIJA--INFORMACIÓN GENERAL
campo de control de longitud fija 040510s1957----sp-a######---#000-0#spa-#
041 ## - CÓDIGO DE LENGUA
Código de lengua del texto/banda sonora o título independiente spa
044 ## - CÓDIGO DEL PAÍS DE LA ENTIDAD EDITORA/PRODUCTORA
Código MARC del país sp
050 #4 - SIGNATURA TOPOGRÁFICA DE LA BIBLIOTECA DEL CONGRESO
Número de clasificación N5300
Número de documento/Ítem .P55 1 1957
100 1# - ENTRADA PRINCIPAL--NOMBRE DE PERSONA
Nombre de persona Pijoán, José
Fechas asociadas al nombre 1880-1963
Forma completa/desarrollada del nombre José Pijoán Soteras
9 (RLIN) 10793
245 10 - MENCIÓN DE TÍTULO
Título Summa Artis
Resto del título historia general del arte
Mención de responsabilidad, etc. José Pijoán.
260 ## - PUBLICACIÓN, DISTRIBUCIÓN, ETC.
Lugar de publicación, distribución, etc. España
Nombre del editor, distribuidor, etc. Espasa-Calpe
Fecha de publicación, distribución, etc. 1957
300 ## - DESCRIPCIÓN FÍSICA
Extensión 580 p. (v.16)
Otras características físicas il. (algunas a color)
Dimensiones 27 cm.
500 ## - NOTA GENERAL
Nota general Incluye índice alfabético, índice de materias e índice de láminas
500 ## - NOTA GENERAL
Nota general Enciclopedia inventariada por Banco de México como libro
500 ## - NOTA GENERAL
Nota general Ejemplar igual a D137. Ver también AA122, AA123, D136, D138, D142 y N28
500 ## - NOTA GENERAL
Nota general AA121
504 ## - NOTA DE BIBLIOGRAFÍA, ETC.
Nota de bibliografía, etc. Bibliografía: p. [539]-541
505 0# - NOTA DE CONTENIDO CON FORMATO
Nota de contenido con formato Contenido: v.16. Arte barroco en Francia, Italia y Alemania: siglos XVII y XVIII
650 14 - PUNTO DE ACCESO ADICIONAL DE MATERIA--TÉRMINO DE MATERIA
Término de materia o nombre geográfico como elemento de entrada Arte
Subdivisión general Historia
9 (RLIN) 10794
902 ## - CATALOGADOR
Iniciales GFM
942 ## - ELEMENTOS DE PUNTO DE ACCESO ADICIONAL (KOHA)
Fuente del sistema de clasificación o colocación Library of Congress Classification
Tipo de ítem Koha Libros
Holdings
Estado de retiro Estado de pérdida Estado dañado No para préstamo Localización permanente Ubicación/localización actual Fecha de adquisición Número de inventario Total de préstamos Signatura topográfica completa Código de barras Fecha visto por última vez Precio válido a partir de Tipo de ítem Koha
El ejemplar forma parte de la colección y puede ser consultado según las políticas vigentes.       Biblioteca del Museo Franz Mayer (Rogerio Casas-Alatriste) Biblioteca del Museo Franz Mayer (Rogerio Casas-Alatriste) 04/05/2010 AA121   N5300 .P55 1 1957 (AA121) 4182 22/03/2019 22/03/2019 Libros